Southville International School and Colleges
Your cart is empty.
  • Cart
  • Lists
    Public lists Eva Luna New books Lux_list list_1
    Your lists Log in to create your own lists
  • Log in to your account
  • Your cookies
  • Search history
Southville International School and Colleges
  • Advanced search
  • Recent comments
  • Most popular
  • Libraries

Log in to your account

Log in with GOOGLE


If you do not have an external account, but do have a local account, you can still log in:

  1. Home
  2. MARC view: Spotlight:
Normal view MARC view ISBD view

Spotlight: (Record no. 284038)

[ view plain ]
MARC details
000 -LEADER
fixed length control field 00678nam a2200217Ia 4500
008 - FIXED-LENGTH DATA ELEMENTS--GENERAL INFORMATION
fixed length control field 150520s9999 xx 000 0 und d
050 ## - LIBRARY OF CONGRESS CALL NUMBER
Classification number M 1000
050 ## - LIBRARY OF CONGRESS CALL NUMBER
Item number .R386 2015
100 ## - MAIN ENTRY--PERSONAL NAME
Personal name Rayos, Danica Jelina.
245 ## - TITLE STATEMENT
Title Spotlight:
245 ## - TITLE STATEMENT
Remainder of title pinoy orchestra a video documentary on the Philippine orchestras in Metro Manila /
245 ## - TITLE STATEMENT
Statement of responsibility, etc Danica Jelina Rayos, Wilhelmina Zara, Ma. Victoria Casas.
260 ## - PUBLICATION, DISTRIBUTION, ETC. (IMPRINT)
Place of publication, distribution, etc Las Piñas, Philippines :
260 ## - PUBLICATION, DISTRIBUTION, ETC. (IMPRINT)
Name of publisher, distributor, etc SISC,
260 ## - PUBLICATION, DISTRIBUTION, ETC. (IMPRINT)
Date of publication, distribution, etc 2015.
300 ## - PHYSICAL DESCRIPTION
Extent 143 pages :
300 ## - PHYSICAL DESCRIPTION
Other physical details color illustrations ;
300 ## - PHYSICAL DESCRIPTION
Dimensions 28 cm.
500 ## - GENERAL NOTE
General note Includes bibliographical references and appendices.
650 ## - SUBJECT ADDED ENTRY--TOPICAL TERM
Topical term or geographic name as entry element Orchestral Music

No items available.

Spotlight:

APA

Rayos D. J., .Spotlight. Las Piñas, Philippines: .

Chicago

Rayos Danica Jelina, .Spotlight. Las Piñas, Philippines: .

Harvard

Rayos D. J., .Spotlight. Las Piñas, Philippines: .

MLA

Rayos Danica Jelina, .Las Piñas, Philippines: . .

  • Print
  • Cite
  • Add to your cart (remove)
  • Save record
    BIBTEX Dublin Core MARCXML MARC (non-Unicode/MARC-8) MARC (Unicode/UTF-8) MARC (Unicode/UTF-8, Standard) MODS (XML) RIS
  • More searches
    Search for this title in:
    Other Libraries (WorldCat) Other Databases (Google Scholar) Online Stores (Bookfinder.com) Open Library (openlibrary.org)

Exporting to Dublin Core...

SOUTHVILLE LIBRARY

Southville International School and Colleges Library

1281 Tropical Ave. Cor. Luxembourg St., BF Homes International, Las Pinas City

Tel. No. 8256374 / 252358 Loc. 117/146

Powered by Koha